000 00449nam a2200181Ia 4500
001 4084
005 20260306145729.0
008 260306t2006||||xx |||||||||||||| ||spa||
041 _aESP
082 _a306.85
_bH12 Nº 49
100 _aCalderero, José Fernando
_eAUT
245 0 _aLos buenos modales de tus hijos pequeños
260 _c2006
300 _a274 páginas :
_c19 cm.
650 _aGEN
654 _aCED
942 _cLIB
_dJUS
_fJUS
_2ddc
_n
999 _c4084
_d4084